[Event "N֖ Landesliga 2015/16"]
[Site "?"]
[Date "2016.01.17"]
[Round "6.4"]
[White "Gr�tz, Harald"]
[Black "Kranzl, Peter"]
[Result "1-0"]
[WhiteElo "2279"]
[BlackElo "2206"]
[PlyCount "130"]
[EventDate "2015.09.27"]

1. Nf3 Nf6 2. g3 g6 3. Bg2 Bg7 4. c4 O-O 5. O-O d6 6. Nc3 c6 7. d3 Qa5 8. Rb1
Qh5 9. b4 Bh3 10. Bb2 Nbd7 11. Ne4 Nxe4 12. dxe4 Bxb2 13. Rxb2 Bxg2 14. Kxg2 f5
15. e5 Nxe5 16. Nxe5 dxe5 17. Qd7 f4 18. f3 Rab8 19. Qxe7 Qf5 20. Rd1 Rf7 21.
Qc5 a6 22. Rbd2 fxg3 23. hxg3 Rbf8 24. Rd8 Qe6 25. Rxf8+ Rxf8 26. Rd6 Qe8 27.
Qe3 Qe7 28. c5 Rf6 29. Rd2 Rf7 30. a4 Kg7 31. a5 Kg8 32. Qe4 Qg5 33. Rd6 Qf5
34. Qe3 Re7 35. Qh6 Re8 36. e4 Qf7 37. Qd2 Re7 38. Rd8+ Kg7 39. Qd6 Re6 40. Qd3
Re7 41. Qc3 g5 42. Qd2 h6 43. Qd6 Qa2+ 44. Kh3 Qf7 45. Rb8 Kh7 46. Qd8 Qg7 47.
Qc8 Rd7 48. Kg2 Rd2+ 49. Kf1 Rd7 50. Kf2 Rf7 51. Kg2 Rd7 52. Qe8 Re7 53. Qd8
Rd7 54. Qc8 Rd2+ 55. Kf1 Rd7 56. Kf2 Rf7 57. g4 Rd7 58. Kg3 Rf7 59. Qe6 Rf6 60.
Qe8 Rf7 61. Kg2 Re7 62. Qc8 Rd7 63. Kf2 Rd2+ 64. Ke3 Rd7 65. Ke2 Kg6 1-0

[Event "N֖ Landesliga 2015/16"]
[Site "?"]
[Date "2016.01.17"]
[Round "6.4"]
[White "Lovrinovic, Christian"]
[Black "Schmid, Thomas"]
[Result "1-0"]
[WhiteElo "2121"]
[BlackElo "2114"]
[PlyCount "111"]
[EventDate "2015.09.27"]

1. d4 Nf6 2. c4 g6 3. Nc3 Bg7 4. e4 d6 5. Nf3 O-O 6. Be2 e5 7. O-O Nc6 8. d5
Ne7 9. b4 a5 10. Ba3 axb4 11. Bxb4 Re8 12. c5 dxc5 13. Bxc5 c6 14. d6 Qa5 15.
Rc1 Qxc5 16. Nb5 Qb4 17. Nc7 Rd8 18. Nxa8 Rxd6 19. Rc4 Qa3 20. Qa4 Qxa4 21.
Rxa4 b5 22. Ra7 Rd7 23. Rxd7 Nxd7 24. Rd1 h6 25. Ne1 Nc5 26. f3 Bf8 27. Nc7 Ne6
28. Nxe6 Bxe6 29. Rd2 f6 30. Rc2 Kf7 31. Kf2 Bd7 32. Nd3 Nc8 33. Nc5 Bxc5+ 34.
Rxc5 Ke7 35. Rc3 Nd6 36. Ra3 Ne8 37. Bd1 Nc7 38. Bb3 c5 39. Ra7 Kd6 40. Bf7 g5
41. Rb7 b4 42. Rb6+ Ke7 43. Bc4 h5 44. g3 Ne8 45. Bb5 Nd6 46. Bxd7 Kxd7 47. Rb8
g4 48. fxg4 hxg4 49. Ke3 Kc7 50. Rg8 c4 51. Rxg4 b3 52. axb3 cxb3 53. Kd3 f5
54. exf5 e4+ 55. Kc3 e3 56. Rb4 1-0

[Event "N֖ Landesliga 2015/16"]
[Site "?"]
[Date "2016.01.17"]
[Round "6.4"]
[White "Pernerstorfer, Johannes"]
[Black "Ebner, Johann"]
[Result "1/2-1/2"]
[WhiteElo "2011"]
[BlackElo "2071"]
[PlyCount "56"]
[EventDate "2015.09.27"]

1. e4 e6 2. d4 d5 3. Nc3 dxe4 4. Nxe4 Nd7 5. Bd3 Ngf6 6. Ng3 c5 7. c3 b6 8. Nf3
Bb7 9. O-O cxd4 10. cxd4 Bd6 11. Bg5 O-O 12. Re1 h6 13. Bxf6 Qxf6 14. Ne4 Qe7
15. Rc1 Rac8 16. Rc2 Rxc2 17. Bxc2 g6 18. Ng3 Rc8 19. Be4 Nf6 20. Bxb7 Qxb7 21.
Ne5 Qd5 22. Qa4 Bxe5 23. dxe5 Qd2 24. Rf1 Qd7 25. Qh4 Ne8 26. Qxh6 Qd4 27. Re1
Rc2 28. Qe3 a5 1/2-1/2

[Event "N֖ Landesliga 2015/16"]
[Site "?"]
[Date "2016.01.17"]
[Round "6.4"]
[White "Danner, Lambert"]
[Black "Amberger, Dieter"]
[Result "1/2-1/2"]
[WhiteElo "2110"]
[BlackElo "2083"]
[PlyCount "102"]
[EventDate "2015.09.27"]

1. f4 d5 2. Nf3 Nf6 3. g3 g6 4. Bg2 Bg7 5. d3 O-O 6. O-O c5 7. Na3 Nc6 8. c3
Rb8 9. Nc2 Qd6 10. Qe1 b5 11. e4 dxe4 12. dxe4 Qd3 13. Qd2 Qxd2 14. Nxd2 e5 15.
f5 Rd8 16. fxg6 hxg6 17. Nb3 c4 18. Nc5 Bf8 19. Rxf6 Rd1+ 20. Rf1 Bxc5+ 21. Be3
Rxa1 22. Rxa1 Bxe3+ 23. Nxe3 Ne7 24. Rd1 Be6 25. a3 Kg7 26. Bf3 a5 27. Be2 Rb7
28. Rd6 Rd7 29. Rxd7 Bxd7 30. a4 b4 31. Nxc4 bxc3 32. bxc3 Bxa4 33. Nxa5 Bc2
34. Nc4 Bxe4 35. Nxe5 Kf6 36. Nd3 Kg5 37. Kf2 Nd5 38. c4 Nc3 39. Ke3 Bf5 40.
Bf3 Kf6 41. Kd4 Nb1 42. Bg2 Ke6 43. Nf4+ Kd6 44. c5+ Kc7 45. Bd5 g5 46. Nh5 Nd2
47. Bxf7 Nf3+ 48. Kd5 Nxh2 49. Ng7 Bg4 50. Ne6+ Bxe6+ 51. Bxe6 g4 1/2-1/2

[Event "N֖ Landesliga 2015/16"]
[Site "?"]
[Date "2016.01.17"]
[Round "6.5"]
[White "Gasa, Andrej"]
[Black "Sandh�fner, Florian"]
[Result "1/2-1/2"]
[WhiteElo "2298"]
[BlackElo "2301"]
[PlyCount "44"]
[EventDate "2015.09.27"]

1. e4 c5 2. Nf3 d6 3. d4 cxd4 4. Nxd4 Nf6 5. Nc3 a6 6. Be2 e6 7. O-O Be7 8. a4
O-O 9. Kh1 Qc7 10. f4 b6 11. Bf3 Bb7 12. f5 e5 13. Nb3 Rd8 14. Bg5 Nbd7 15. Qe1
Bc6 16. Qg3 b5 17. Nd2 b4 18. Nd1 Nc5 19. Ne3 Qb7 20. Nd5 Bxd5 21. exd5 Qd7 22.
Bxf6 Bxf6 1/2-1/2

[Event "N֖ Landesliga 2015/16"]
[Site "?"]
[Date "2016.01.17"]
[Round "6.5"]
[White "Rumpl, Erwin"]
[Black "Vrana, Frantisek"]
[Result "1/2-1/2"]
[WhiteElo "2351"]
[BlackElo "2228"]
[PlyCount "123"]
[EventDate "2015.09.27"]

1. Nf3 d5 2. g3 Nf6 3. Bg2 c6 4. O-O Bf5 5. d3 h6 6. c4 e6 7. cxd5 cxd5 8. Qb3
Qb6 9. Qxb6 axb6 10. Nc3 Nc6 11. Nb5 Ra5 12. a4 Nd7 13. Bd2 Bb4 14. Bxb4 Nxb4
15. Nfd4 Ke7 16. Nxf5+ exf5 17. b3 Nc5 18. Rab1 Rc8 19. Nd4 g6 20. Rfc1 Raa8
21. Kf1 Na2 22. Rc2 Nb4 23. Rcc1 Na2 24. Rc2 Nb4 25. Rcb2 Ne6 26. Nb5 Nc5 27.
Ke1 Ne6 28. Kd2 Rc5 29. d4 Rc6 30. Kd1 Nc7 31. Na3 Ne6 32. Nb5 Nc7 33. Na3 Ne6
34. Nc2 Nxc2 35. Rxc2 Kd6 36. e3 Rxc2 37. Kxc2 Ng5 38. f3 Ne6 39. Kd3 Rc8 40.
h4 Ng7 41. Rg1 Rc7 42. e4 fxe4+ 43. fxe4 dxe4+ 44. Bxe4 f5 45. Bf3 Ne6 46. Re1
Re7 47. Re2 g5 48. hxg5 hxg5 49. Rh2 g4 50. Bh1 f4 51. gxf4 Nxf4+ 52. Kc4 g3
53. Rh6+ Kc7 54. d5 Rd7 55. d6+ Rxd6 56. Rxd6 Kxd6 57. Bxb7 Kc7 58. Ba8 g2 59.
Bxg2 Nxg2 60. a5 bxa5 61. Kb5 Kb7 62. Kxa5 1/2-1/2

[Event "N֖ Landesliga 2015/16"]
[Site "?"]
[Date "2016.01.17"]
[Round "6.5"]
[White "Hofmann, Thomas"]
[Black "Wadsack, Wolfgang"]
[Result "1-0"]
[WhiteElo "2223"]
[BlackElo "2153"]
[PlyCount "75"]
[EventDate "2015.09.27"]

1. e4 d5 2. exd5 Nf6 3. Bb5+ Bd7 4. Be2 Nxd5 5. d4 Nc6 6. c4 Nf6 7. Be3 e5 8.
d5 Bb4+ 9. Nd2 Nd4 10. Bxd4 exd4 11. a3 Bd6 12. Ngf3 c5 13. dxc6 Bxc6 14. Nb3
Ba4 15. Qd3 Bxb3 16. Qxb3 Qa5+ 17. Kf1 O-O 18. Rd1 Rae8 19. Qc2 Re7 20. Nxd4
Rfe8 21. g3 Bc7 22. Bf3 Bb6 23. Kg2 Ne4 24. Rhe1 Bxd4 25. Rxe4 Rxe4 26. Bxe4
Qb6 27. b4 Bf6 28. Bxh7+ Kh8 29. Be4 Qc7 30. Bf3 b6 31. c5 bxc5 32. bxc5 Rb8
33. c6 Rb2 34. Qc5 Be7 35. Qe3 Bd6 36. Qd4 Be5 37. Qh4+ Kg8 38. Rd8+ 1-0

[Event "N֖ Landesliga 2015/16"]
[Site "?"]
[Date "2016.01.17"]
[Round "6.5"]
[White "Wadsack, Winfried"]
[Black "Hajek, Oskar"]
[Result "1-0"]
[WhiteElo "2137"]
[BlackElo "2060"]
[PlyCount "131"]
[EventDate "2015.09.27"]

1. e4 c5 2. c3 d6 3. d4 Nf6 4. dxc5 Nc6 5. f3 d5 6. exd5 Qxd5 7. Qxd5 Nxd5 8.
Bc4 e6 9. Bxd5 exd5 10. Be3 Ne5 11. b4 a5 12. Bd4 Nd3+ 13. Kd2 Bf5 14. a3 Be7
15. Nh3 O-O 16. g4 Bg6 17. Rg1 Rfe8 18. f4 Be4 19. Rg3 Nb2 20. Kc1 Nd3+ 21. Kd2
Bh4 22. Re3 Nb2 23. Kc1 Nc4 24. Re2 Bxb1 25. Rxe8+ Rxe8 26. Kxb1 Re1+ 27. Ka2
Re2+ 28. Kb1 Rxh2 29. Ng1 Nd2+ 30. Kc2 a4 31. Kd3 Nc4 32. Nf3 Rg2 33. Rf1 Rxg4
34. Nxh4 Rxh4 35. b5 Rh2 36. Rf2 Rh3+ 37. Ke2 Na5 38. Rg2 Kf8 39. Rg5 Rh2+ 40.
Bf2 Nc4 41. Rxd5 Rh6 42. Rd8+ Ke7 43. Rb8 Nxa3 44. Rxb7+ Kd8 45. c6 Kc8 46. f5
Nxb5 47. Rxb5 Rxc6 48. Bd4 Ra6 49. Bxg7 a3 50. c4 a2 51. Ba1 h5 52. f6 h4 53.
Rh5 Rb6 54. Rxh4 Rb1 55. Bd4 a1=Q 56. Bxa1 Rxa1 57. Rh7 Kd7 58. Rxf7+ Ke6 59.
Re7+ Kxf6 60. Re3 Ra5 61. Kd2 Ra2+ 62. Kc1 Ra4 63. Re4 Kf5 64. Rh4 Ke5 65. Kb2
Kd6 66. c5+ 1-0

[Event "N֖ Landesliga 2015/16"]
[Site "?"]
[Date "2016.01.24"]
[Round "7.1"]
[White "Sandh�fner, Florian"]
[Black "Polak, Tomas"]
[Result "0-1"]
[WhiteElo "2301"]
[BlackElo "2524"]
[PlyCount "74"]
[EventDate "2015.09.27"]

1. e4 e5 2. Nf3 Nc6 3. Nc3 Nf6 4. d4 Bb4 5. Nxe5 Qe7 6. Nxc6 Qxe4+ 7. Qe2 Bxc3+
8. bxc3 dxc6 9. f3 Qxe2+ 10. Bxe2 Bf5 11. Kd2 O-O-O 12. Ba3 Rhe8 13. Rhe1 Nd5
14. Bf1 f6 15. c4 Nb6 16. Kc3 a5 17. Be7 Rd7 18. Ba3 Red8 19. Be7 Re8 20. Ba3
Rxe1 21. Rxe1 Kd8 22. Re3 Bg6 23. Bd3 Bxd3 24. Rxd3 Na4+ 25. Kb3 b5 26. cxb5
cxb5 27. c3 c5 28. Kc2 b4 29. cxb4 axb4 30. Bb2 c4 31. Rd1 Re7 32. Ba1 Re2+ 33.
Rd2 Re1 34. Rd1 b3+ 35. axb3 cxb3+ 36. Kd2 Rxd1+ 37. Kxd1 b2 0-1

[Event "N֖ Landesliga 2015/16"]
[Site "?"]
[Date "2016.01.24"]
[Round "7.1"]
[White "Amberger, Dieter"]
[Black "Rumpl, Erwin"]
[Result "0-1"]
[WhiteElo "2083"]
[BlackElo "2351"]
[PlyCount "110"]
[EventDate "2015.09.27"]

1. d4 Nf6 2. c4 c5 3. d5 e6 4. Nc3 exd5 5. cxd5 d6 6. e4 g6 7. Bd3 Bg7 8. h3
O-O 9. Nf3 Nh5 10. O-O Nd7 11. Bg5 Bf6 12. Be3 Ne5 13. Be2 Nxf3+ 14. Bxf3 Ng7
15. Be2 Qe7 16. Bd3 Bd7 17. Re1 b5 18. Nxb5 Bxb5 19. Bxb5 Rab8 20. a4 Bxb2 21.
Rb1 Bc3 22. Re2 Nh5 23. Qc1 Bg7 24. g4 Nf6 25. Bg5 Qc7 26. f4 Rb7 27. Bh4 Rfb8
28. Bd3 Rxb1 29. Bxb1 Nd7 30. Bf2 Rb4 31. Bc2 Bd4 32. Qd1 Qd8 33. Kg2 Bxf2 34.
Rxf2 Qf6 35. Qe1 Qd4 36. Rd2 Qc3 37. Re2 Qxe1 38. Rxe1 f6 39. Rb1 a5 40. Rxb4
cxb4 41. Kf3 Nc5 42. Ke3 b3 43. Bb1 Nxa4 44. Kd4 Nb6 45. Kc3 a4 46. Kb4 g5 47.
f5 Kf7 48. Bd3 Nd7 49. Bb1 Nc5 50. Ka3 h6 51. Kb4 Ke7 52. Ka3 Kd7 53. Kb4 Kc7
54. Ka3 Kb7 55. Kb4 Kb6 0-1

[Event "N֖ Landesliga 2015/16"]
[Site "?"]
[Date "2016.01.24"]
[Round "7.1"]
[White "Wadsack, Wolfgang"]
[Black "Piringer, Florian"]
[Result "1/2-1/2"]
[WhiteElo "2153"]
[BlackElo "2118"]
[PlyCount "72"]
[EventDate "2015.09.27"]

1. e4 e5 2. Nf3 Nc6 3. Nc3 Nf6 4. d4 exd4 5. Nxd4 Bb4 6. Nxc6 bxc6 7. Bd3 O-O
8. O-O d5 9. exd5 cxd5 10. Bg5 c6 11. Qf3 h6 12. Bxf6 Qxf6 13. Qxf6 gxf6 14.
Ne2 Re8 15. Ng3 Rb8 16. Rad1 Be7 17. b3 Be6 18. Nf5 Bxf5 19. Bxf5 Rb7 20. Rfe1
Kf8 21. Re3 Bb4 22. Rxe8+ Kxe8 23. g3 Re7 24. Kg2 Re5 25. g4 Re1 26. Rd3 Re2
27. Kf3 Rd2 28. Rxd2 Bxd2 29. Ke2 Bf4 30. h3 Ke7 31. Kd3 Kd6 32. b4 Bg5 33. c4
dxc4+ 34. Kxc4 Bh4 35. f3 Be1 36. a4 Bf2 1/2-1/2

[Event "N֖ Landesliga 2015/16"]
[Site "?"]
[Date "2016.01.24"]
[Round "7.1"]
[White "Schmid, Thomas"]
[Black "Wadsack, Winfried"]
[Result "0-1"]
[WhiteElo "2114"]
[BlackElo "2137"]
[PlyCount "87"]
[EventDate "2015.09.27"]

1. e4 d5 2. exd5 Qxd5 3. Nc3 Qa5 4. d4 Nf6 5. Nf3 Bg4 6. h3 Bf5 7. Bc4 e6 8.
Bd2 Bb4 9. a3 Bxc3 10. Bxc3 Qa4 11. b3 Qc6 12. Qe2 Nbd7 13. Bb2 a6 14. O-O-O
O-O-O 15. Rhe1 Nd5 16. Nh4 Nf4 17. Qd2 Qd6 18. Nxf5 exf5 19. g3 Ne6 20. d5 Nec5
21. Bxg7 Ne4 22. Qb4 Rhg8 23. Qxd6 cxd6 24. Bd4 Ne5 25. Be2 Rde8 26. c4 Re7 27.
Kb2 Rge8 28. Be3 Nd7 29. Rc1 Nxg3 30. Bd3 Ne4 31. Rg1 Ndc5 32. Bc2 Nd7 33. f3
Nc3 34. Bg5 f6 35. Bxf6 Na4+ 36. bxa4 Nxf6 37. Bxf5+ Kc7 38. Rc3 Kb6 39. Be6
Nh5 40. Rb3+ Kc5 41. Kc3 Rf8 42. Kc2 Nf4 43. Re3 Nxh3 44. Kd2 0-1

[Event "N�- Landesliga 2015/16"]
[Site "?"]
[Date "2016.01.24"]
[Round "7.1"]
[White "Hellmayr, Alois"]
[Black "Kleiser, Gregor"]
[Result "0-1"]
[WhiteElo "2246"]
[BlackElo "2226"]
[PlyCount "132"]
[EventDate "2016.??.??"]

1. Nf3 Nf6 2. g3 b5 3. Bg2 Bb7 4. c3 e6 5. Qb3 a6 6. a4 c5 7. axb5 c4 8. Qc2
axb5 9. Rxa8 Bxa8 10. d3 Be7 11. b3 O-O 12. O-O Qc7 13. Na3 cxd3 14. Qxd3 b4
15. Nb5 Qa5 16. c4 Be4 17. Qe3 d5 18. Ne5 Qa1 19. Nd3 Bxg2 20. Kxg2 Qa2 21. Ne5
dxc4 22. Nxc4 Nd5 23. Qf3 Bf6 24. e4 Nc3 25. Nxc3 Bxc3 26. Qd1 Nc6 27. Be3 Rd8
28. Qb1 Qe2 29. Rc1 Nd4 30. Bxd4 Rxd4 31. e5 Rd3 32. Qc2 Qe4+ 33. Kg1 h5 34. h4
Bd4 35. Kh2 Qf3 36. Rf1 Rc3 37. Qd2 Rd3 38. Qc2 Bc3 39. Kg1 g5 40. Ne3 Rd2 41.
Qc1 gxh4 42. gxh4 Qh3 43. Rd1 Rxd1+ 44. Nxd1 Qg4+ 45. Kf1 Bxe5 46. Ne3 Qxh4 47.
Qc8+ Kg7 48. Qb7 Bc3 49. Qg2+ Kh6 50. Qg8 Qf6 51. Qf8+ Kg6 52. Qg8+ Qg7 53. Qe8
Bd4 54. Nc2 Bc5 55. Qc8 Qc3 56. Qg8+ Kh6 57. Ne1 Qh3+ 58. Ng2 Qd3+ 59. Kg1 Qd1+
60. Kh2 Bxf2 61. Qh8+ Kg6 62. Nf4+ Kf5 63. Nh3 Bh4 64. Qh7+ Kf6 65. Qh6+ Ke7
66. Qf4 Qd6 0-1

[Event "N�- Landesliga 2015/16"]
[Site "?"]
[Date "2016.01.24"]
[Round "7.2"]
[White "Luncescu, Christian"]
[Black "Heimberger, Reinhard"]
[Result "1/2-1/2"]
[WhiteElo "2208"]
[BlackElo "2237"]
[PlyCount "94"]
[EventDate "2016.??.??"]

1. e4 c5 2. Nc3 d6 3. g3 g6 4. Bg2 Bg7 5. d3 Nc6 6. Be3 Nf6 7. h3 O-O 8. Qd2
Nd4 9. Nce2 e5 10. c3 Nxe2 11. Nxe2 Be6 12. O-O Qc8 13. Kh2 d5 14. Bh6 dxe4 15.
Bxg7 Kxg7 16. dxe4 Bc4 17. Rfd1 Rd8 18. Qc2 b5 19. b3 Be6 20. f4 Qc7 21. f5
gxf5 22. exf5 Bd5 23. Bxd5 Nxd5 24. Qe4 Nf6 25. Qe3 h6 26. Ng1 e4 27. Ne2 Qe5
28. Qf4 Re8 29. Qxe5 Rxe5 30. g4 Nd5 31. a4 b4 32. c4 Nc3 33. Nxc3 bxc3 34.
Rac1 e3 35. Rxc3 e2 36. Re1 Rd8 37. Kg2 Rd2 38. Kf3 Rb2 39. Rd3 Re7 40. h4 Rb7
41. Rxe2 R2xb3 42. Ree3 R3b4 43. Re4 Rxa4 44. Rd5 Rc7 45. Kf4 Ra1 46. g5 hxg5+
47. hxg5 Rf1+ 1/2-1/2

[Event "N�- Landesliga 2015/16"]
[Site "?"]
[Date "2016.01.24"]
[Round "7.3"]
[White "Lovrinovic, Christian"]
[Black "W�ber, Friedrich"]
[Result "1-0"]
[WhiteElo "2115"]
[BlackElo "2151"]
[PlyCount "81"]
[EventDate "2016.??.??"]

1. d4 Nf6 2. c4 c5 3. d5 b5 4. cxb5 a6 5. bxa6 g6 6. Nc3 Bxa6 7. g3 d6 8. Bg2
Bg7 9. Nf3 Nbd7 10. O-O Nb6 11. Re1 Nfd7 12. Rb1 Nc4 13. Qc2 Qa5 14. Bd2 Nxd2
15. Nxd2 O-O 16. Rbc1 Rfb8 17. b3 Ne5 18. Bh3 Bc8 19. Bf1 Bf5 20. e4 Bg4 21. h3
Bf3 22. Nc4 Nxc4 23. Bxc4 g5 24. Qd3 g4 25. hxg4 Bxg4 26. a4 Qd8 27. Kg2 Qf8
28. f3 Bd7 29. Rh1 f5 30. Nb5 Qf6 31. Rce1 Rf8 32. Re2 f4 33. e5 Qg6 34. Qxg6
hxg6 35. exd6 exd6 36. Nxd6 fxg3 37. Ne4 Rae8 38. Nxc5 Rxe2+ 39. Bxe2 Bf5 40.
Bc4 Rd8 41. a5 1-0

[Event "N�- Lndesliga 2015/16"]
[Site "?"]
[Date "2016.01.24"]
[Round "7.4"]
[White "Winiwarter, Felix"]
[Black "Danner, Lambert"]
[Result "1-0"]
[WhiteElo "2106"]
[BlackElo "2038"]
[PlyCount "59"]
[EventDate "2016.??.??"]

1. d4 d6 2. e4 Nf6 3. Nc3 e5 4. Nf3 Nbd7 5. Bc4 Be7 6. O-O O-O 7. h3 c6 8. a4
exd4 9. Nxd4 d5 10. exd5 Nb6 11. Bb3 Nbxd5 12. Nxd5 Nxd5 13. Re1 Bf6 14. c3 c5
15. Nf3 Be6 16. Bc2 Re8 17. Qd3 g6 18. Bh6 Ne7 19. Qe2 Bf5 20. Rad1 Qc8 21. Bb3
Nc6 22. Qc4 Be6 23. Qf4 Bh8 24. Rxe6 Rxe6 25. Ng5 Qe8 26. Nxe6 fxe6 27. Re1 Nd8
28. Qd6 Kf7 29. Re3 Bf6 30. Rf3 1-0

[Event "N֖ Landesliga 2015/16"]
[Site "?"]
[Date "2016.01.24"]
[Round "7.3"]
[White "Weiss, Christian"]
[Black "Lendwai, Reinhard"]
[Result "0-1"]
[WhiteElo "2381"]
[BlackElo "2359"]
[PlyCount "80"]
[EventDate "2015.09.27"]

1. g3 d5 2. Bg2 c6 3. Nf3 Bg4 4. O-O Nf6 5. d3 Nbd7 6. h3 Bxf3 7. Bxf3
e6 8. Nc3 Bc5 9. e4 dxe4 10. Nxe4 Nxe4 11. Bxe4 Nf6 12. Bg2 O-O 13. Qe2 Re8 14.
c3 e5 15. Bg5 h6 16. Bd2 a5 17. Rad1 Qd7 18. Be3 Qd6 19. Kh2 Rad8 20. a3 Nd5
21. Bc1 Bb6 22. Qc2 Bc5 23. Rfe1 Ba7 24. Qe2 Re6 25. Rf1 Rde8 26. Kh1 Kh8 27.
Be4 Nf6 28. g4 Nxe4 29. dxe4 Qe7 30. Be3 Bxe3 31. Qxe3 Rd8 32. Qb6 Red6 33.
Rxd6 Rxd6 34. Qxa5 Rd3 35. Qa8+ Kh7 36. Qc8 g6 37. Re1 Qh4 38. Kg1 Rxh3 39. Re3
Rh1+ 40. Kg2 Rh2+ 0-1

[Event "N֖ Landesliga 2015/16"]
[Site "?"]
[Date "2016.01.24"]
[Round "7.3"]
[White "Ganaus, Hannes"]
[Black "Knoll, Hermann"]
[Result "0-1"]
[WhiteElo "2259"]
[BlackElo "2309"]
[PlyCount "80"]
[EventDate "2015.09.27"]

1. Nf3 Nf6 2. e3 g6 3. b3 Bg7 4. Bb2 c5 5. c4 O-O 6. Be2 Nc6 7. O-O d5 8.
cxd5 Qxd5 9. Nc3 Qf5 10. Na4 b6 11. d4 cxd4 12. Nxd4 Nxd4 13. Qxd4 Bb7 14. Rac1
Rfd8 15. Qb4 Qg5 16. g3 Qd5 17. f3 Qd2 18. Qxd2 Rxd2 19. Rfe1 Bh6 20. e4 Be3+
21. Kf1 b5 22. Bxf6 exf6 23. Nc3 Rc8 24. Nxb5 Rxc1 25. Rxc1 Rxe2 26. Kxe2 Bxc1
27. Nxa7 Ba6+ 28. Kd1 Be3 29. Nc6 f5 30. exf5 Bg1 31. Ke1 Bb7 32. Kf1 Bc5 33.
Ne5 Bd4 34. f4 g5 35. Nc4 gxf4 36. gxf4 Be4 37. Nd6 Bb1 38. Ke2 Bc5 39. Nb7 Bb4
40. Kd1 Be4 0-1

[Event "N֖ Landesliga 2015/16"]
[Site "?"]
[Date "2016.01.24"]
[Round "7.3"]
[White "Ehs, Dominik"]
[Black "Zojer, Stefan"]
[Result "1-0"]
[WhiteElo "2061"]
[BlackElo "2109"]
[PlyCount "41"]
[EventDate "2015.09.27"]

1. e4 e5 2. Nf3 Nc6 3. Bc4 Bc5 4. O-O Nf6 5. d4 exd4 6. e5 d5 7. exf6 dxc4
8. fxg7 Rg8 9. Re1+ Be6 10. Bg5 Ne7 11. Nbd2 Rxg7 12. Ne4 Bb6 13. Nf6+ Kf8 14.
Bh6 Nf5 15. Nxh7+ Kg8 16. Bxg7 Nxg7 17. Nhg5 Bf5 18. Qd2 Qd6 19. Ne4 Qd8 20.
Qh6 Bxe4 21. Rxe4 1-0

[Event "N֖ Landesliga 2015/16"]
[Site "?"]
[Date "2016.01.24"]
[Round "7.3"]
[White "Juenger, Heinz"]
[Black "Steiner, Heinz"]
[Result "1/2-1/2"]
[WhiteElo "2143"]
[BlackElo "2125"]
[PlyCount "43"]
[EventDate "2015.09.27"]

1. d4 Nf6 2. c4 e6 3. g3 c5 4. d5 exd5 5. cxd5 d6 6. Nc3 Be7 7. Bg2 O-O 8.
Nf3 a6 9. a4 Qc7 10. O-O Nbd7 11. h3 Rb8 12. a5 b5 13. axb6 Nxb6 14. Re1 c4 15.
Nd4 Bb7 16. Nc6 Ra8 17. e4 Rfe8 18. Be3 Bf8 19. f4 Nfd7 20. Kh2 g6 21. Qd2 Bg7
22. Qf2 1/2-1/2

[Event "N֖ Landesliga 2015/16"]
[Site "?"]
[Date "2016.01.24"]
[Round "7.4"]
[White "Matt, Fabian"]
[Black "Wagner, Stefan"]
[Result "1-0"]
[WhiteElo "2258"]
[BlackElo "2147"]
[PlyCount "127"]
[EventDate "2015.09.27"]

1. d4 Nf6 2. c4 c5 3. Nf3 cxd4 4. Nxd4 Nc6 5. Nc3 g6 6. e4 Bg7 7. Be3 O-O 8.
Be2 d6 9. O-O Bd7 10. Rc1 Nxd4 11. Bxd4 Bc6 12. f3 Nd7 13. Bxg7 Kxg7 14. Qd4+
Kg8 15. b4 Qb6 16. Qxb6 Nxb6 17. c5 dxc5 18. bxc5 Nd7 19. Nd5 Rae8 20. Rfd1 e6
21. Nb4 Ba4 22. Rd3 Bb5 23. Rd6 Bxe2 24. Rxd7 a5 25. Nc2 Ba6 26. Ne3 Rd8 27.
Rd6 Rc8 28. e5 Rc7 29. Ng4 Rfc8 30. Nf6+ Kg7 31. Ne4 Rc6 32. Rd7 R6c7 33. Rxc7
Rxc7 34. Rd1 Bc4 35. Rd8 Bxa2 36. g4 g5 37. h4 f5 38. exf6+ Kf7 39. hxg5 e5 40.
Nd6+ Kg6 41. Ne4 a4 42. Ra8 Bd5 43. Kf2 a3 44. Nc3 Be6 45. Rxa3 Kxg5 46. Ne4+
Kg6 47. Rd3 h6 48. Kg3 Ba2 49. Rd8 Bb1 50. Rg8+ Kh7 51. Re8 Bxe4 52. fxe4 Kg6
53. Rxe5 Kxf6 54. Rh5 Kg6 55. Kf4 Re7 56. Rf5 Re6 57. Rd5 Rf6+ 58. Ke3 Rf7 59.
Kd4 Re7 60. Rf5 Rd7+ 61. Kc4 Rd1 62. e5 Rg1 63. Rf4 Re1 64. Kd5 1-0

[Event "N֖ Landesliga 2015/16"]
[Site "?"]
[Date "2016.01.24"]
[Round "7.4"]
[White "Khalakhan, Jurij"]
[Black "Schmidrathner, Christian"]
[Result "0-1"]
[WhiteElo "2236"]
[BlackElo "2093"]
[PlyCount "52"]
[EventDate "2015.09.27"]

1. e4 c5 2. Nf3 d6 3. d4 cxd4 4. Nxd4 Nf6 5. Nc3 g6 6. Be3 Bg7 7. f3 O-O 8. Qd2
Nc6 9. g4 Be6 10. Nxe6 fxe6 11. O-O-O Ne5 12. Be2 Rc8 13. h4 Qa5 14. Bh6 Rxc3
15. Bxg7 Rfc8 16. bxc3 Qa3+ 17. Kb1 Rc6 18. Ka1 Nxf3 19. Qe3 b5 20. Bxb5 Rxc3
21. Rd3 Rxd3 22. Bxd3 Qc3+ 23. Kb1 Nd2+ 24. Kc1 Nc4 25. Bxf6 exf6 26. Qxa7 Qa1#
0-1

[Event "N֖ Landesliga 2015/16"]
[Site "?"]
[Date "2016.01.24"]
[Round "7.4"]
[White "Sulzgruber, Robin"]
[Black "Bauer, Thomas"]
[Result "1-0"]
[WhiteElo "2241"]
[BlackElo "2010"]
[PlyCount "83"]
[EventDate "2015.09.27"]

1. e4 c5 2. c3 Nf6 3. e5 Nd5 4. Nf3 d6 5. exd6 Qxd6 6. Bc4 Nb6 7. Bb3 c4 8. Bc2
Bg4 9. Qe2 g6 10. Na3 Qe6 11. Be4 Nc6 12. b3 cxb3 13. axb3 Nd5 14. Nb5 Rc8 15.
Bxd5 Qxd5 16. c4 Bxf3 17. gxf3 Qe5 18. Qxe5 Nxe5 19. Rxa7 Nd3+ 20. Ke2 Nf4+ 21.
Kd1 Nd3 22. Kc2 Nxc1 23. Rxc1 Rb8 24. Rca1 Kd7 25. d4 Bg7 26. R1a4 h5 27. Kd3
h4 28. Nc3 h3 29. Rb4 Kc6 30. Nd5 b5 31. Nxe7+ Kd6 32. Nd5 bxc4+ 33. bxc4 Rxb4
34. Nxb4 Rh4 35. c5+ Ke6 36. d5+ Ke5 37. Re7+ Kf6 38. Re4 Rh5 39. c6 Rh8 40. d6
Rd8 41. d7 Bf8 42. Nd5+ 1-0

[Event "N֖ Landesliga 2015/16"]
[Site "?"]
[Date "2016.01.24"]
[Round "7.4"]
[White "Plasil, Jiri"]
[Black "Wetscherek, Gerhard"]
[Result "1-0"]
[WhiteElo "2118"]
[BlackElo "2108"]
[PlyCount "71"]
[EventDate "2015.09.27"]

1. e4 d6 2. d4 g6 3. c4 Bg7 4. Nc3 c6 5. Be3 Qc7 6. Bd3 a6 7. Nge2 Nf6 8. f3 b5
9. Qd2 Nbd7 10. Rc1 b4 11. Nd1 c5 12. O-O O-O 13. d5 a5 14. a4 Ne5 15. b3 e6
16. Bb1 exd5 17. exd5 Re8 18. Ng3 Ra7 19. Bg5 Kh8 20. Nf2 Ng8 21. f4 Ng4 22.
Nxg4 Bxg4 23. f5 Bd4+ 24. Kh1 f6 25. h3 fxg5 26. hxg4 Be3 27. Qb2+ Bd4 28. Qc2
Nf6 29. fxg6 Qg7 30. Nf5 Qxg6 31. Nxd4 Qh6+ 32. Kg1 cxd4 33. Qf5 Kg7 34. Rf3
Qg6 35. Rcf1 Ne4 36. Bxe4 1-0

[Event "N֖ Landesliga 2015/16"]
[Site "?"]
[Date "2016.01.24"]
[Round "7.5"]
[White "Jovanovic, Dusan"]
[Black "Blatny, Pavel"]
[Result "1/2-1/2"]
[WhiteElo "2373"]
[BlackElo "2397"]
[PlyCount "55"]
[EventDate "2015.09.27"]

1. Nf3 e6 2. c4 b6 3. g3 Bb7 4. Bg2 f5 5. O-O Be7 6. Nc3 Nf6 7. d3 O-O 8. e4
fxe4 9. Ng5 Nc6 10. Ngxe4 Nxe4 11. Bxe4 Na5 12. Bxb7 Nxb7 13. d4 Nd6 14. Qd3
Qe8 15. Bf4 Qh5 16. Bxd6 Bxd6 17. f4 Rf6 18. Qf3 Qxf3 19. Rxf3 Be7 20. Kg2 Raf8
21. Re1 Bb4 22. h4 Rf5 23. Re5 Rxe5 24. dxe5 Bxc3 25. Rxc3 Kf7 26. Kf3 Ke7 27.
Ke4 Rd8 28. c5 1/2-1/2

[Event "N֖ Landesliga 2015/16"]
[Site "?"]
[Date "2016.01.24"]
[Round "7.5"]
[White "Zwettler, Martin"]
[Black "Plachetka, Jan"]
[Result "1/2-1/2"]
[WhiteElo "2272"]
[BlackElo "2371"]
[PlyCount "43"]
[EventDate "2015.09.27"]

1. c4 e6 2. Nf3 Nf6 3. g3 b6 4. Bg2 Bb7 5. O-O c5 6. b3 Be7 7. Bb2 O-O 8. Nc3
d6 9. e3 Nbd7 10. Qe2 a6 11. d4 cxd4 12. exd4 Re8 13. d5 e5 14. Rad1 b5 15.
cxb5 axb5 16. Qxb5 Ba6 17. Qb4 Bxf1 18. Bxf1 Qc7 19. a4 Reb8 20. Bb5 Qc5 21.
Ba3 Qxb4 22. Bxb4 1/2-1/2

[Event "N֖ Landesliga 2015/16"]
[Site "?"]
[Date "2016.01.24"]
[Round "7.5"]
[White "Grimm, Daniel"]
[Black "Mlynek, Petr"]
[Result "1/2-1/2"]
[WhiteElo "2319"]
[BlackElo "2197"]
[PlyCount "41"]
[EventDate "2015.09.27"]

1. e4 c6 2. d4 d5 3. exd5 cxd5 4. c4 Nf6 5. Nc3 e6 6. Nf3 Bb4 7. cxd5 exd5 8.
Bd3 O-O 9. O-O Bg4 10. a3 Bxc3 11. bxc3 Qc7 12. Qc2 Bxf3 13. gxf3 Nbd7 14. Bg5
Rac8 15. Rac1 h6 16. Be3 Nb6 17. Kh1 Nc4 18. Rg1 Kh8 19. Rg2 Rfe8 20. Bd2 Re7
21. a4 1/2-1/2